| 000 | 02160cam a22003978i 4500 | ||
|---|---|---|---|
| 001 | 21438157 | ||
| 003 | NUST | ||
| 005 | 20240308111023.0 | ||
| 008 | 200219s2020 nju b 001 0 eng | ||
| 010 | _a 2020008266 | ||
| 020 |
_a9781119539513 _q(paperback) |
||
| 020 |
_z9781119539537 _q(adobe pdf) |
||
| 020 |
_z9781119539551 _q(epub) |
||
| 038 | _aMalang Jan | ||
| 040 |
_aDLC _beng _erda _cDLC |
||
| 042 | _apcc | ||
| 050 | 0 | 0 |
_aNA2760 _b.L47 2020 |
| 082 | 0 | 0 |
_a720.103 _223 _bLEW |
| 100 | 1 |
_aLewis, Nigel C., _eauthor. _9122039 |
|
| 245 | 1 | 0 |
_aDesign and order : _bperceptual experience of built form principles in the planning and making of place / _cNigel C Lewis. |
| 250 | _aFirst edition. | ||
| 263 | _a2006 | ||
| 264 | 1 |
_aHoboken, NJ : _bWiley, _c2020. |
|
| 300 |
_a627p.: _bill; |
||
| 336 |
_atext _btxt _2rdacontent |
||
| 337 |
_aunmediated _bn _2rdamedia |
||
| 338 |
_avolume _bnc _2rdacarrier |
||
| 504 | _aIncludes bibliographical references and index. | ||
| 520 |
_a"This book outlines the fundamental characteristics that are evident in the creation of built form and illustrates how they determine the experience of resultant places. It consolidates the key criteria that need to be taken into consideration in the development of built form or urban spaces. While not a design manual for architects, it does provide a coherent overview of the principles that underpin design, and by consideration and illustration of each of the individual elements, an integrated understanding of both the principles and the perception of design is developed. The designer can then apply or discard these principles in the development of urban designs, with a solid understanding the implications of the decisions they make"-- _cProvided by publisher. |
||
| 650 | 0 |
_aArchitecture _xComposition, proportion, etc. _931825 |
|
| 650 | 0 |
_aArchitecture _xHuman factors. _931857 |
|
| 776 | 0 | 8 |
_iOnline version: _aLewis, Nigel C. _tDesign and order. _bFirst edition _dHoboken, NJ : Wiley, 2020 _z9781119539537 _w(DLC) 2020008267 |
| 906 |
_a7 _bcbc _corignew _d1 _eecip _f20 _gy-gencatlg |
||
| 942 |
_2ddc _cBK |
||
| 999 |
_c608630 _d608630 |
||